000 00720nam a22002177a 4500
003 UA-OsUOA
001 136775
007 ta
008 20190408b un ||||| |||| 00| 0 ukr d
100 _aАртем'єв І. О.
090 _a330(477)
_bА86
942 _cSA
040 _aUA-OsUOA
_bukr
_cUA-OsUOA
_dUA-OsUOA
245 _aСтатистична діяльність МВФ як чинник глобальної фінансової стабілізації у посткризовий період
300 _aС.44-50
955 _a0
041 _aukr
080 _a330(477)
773 0 _w136771
_tСтатистика України
_dК.
_d2018
_g4
650 7 _a330 Економіка взагалі
_2UDC
999 _c410369
_d410369